01236nam a2200253 a 450000100100000000500170001000800410002704000250006808200240009310000310011724501290014826000600027730000280033750000730036550400320043859000260047065000340049671000900053071000610062091000380068195201210071995201270084099900150096700000681920251120073731.0090903s1983 dr a r 000 0 spa d aDO-SdBNPbspacBNPHU a372.21097293bR789e1 aRosario, Fe María91895810aEstado del arte de la educacicón pre-escolar en la República Dominicana /cFe María Rosario, Amarilis Perez de Zapata. aSantiago de los Caballeros :bCEDIE :bUCAMAIMA,c1983. a232 p. :bil. ;c23 cm. aIncluye referencias bibliográficas y notas al pie de las páginas aBibliografía : p. 131-133 aInventariado, 2018/BT 4aEducación preescolar9189592 aCentro de Documentación e Investigación Educativa (República Dominicana)9189602 aPontificia Universidad Católica Madre y Maestra 9843 aValidado. Control de calidad. MFF 0010718PDaPDbPDcHDd2009-09-03iLF1l0o372.21097293 R789ep6819-10r2020-06-25w2020-06-25yLFPDZNo se presta 0010718PDaPDbPDcHDd2012-02-06iLF1l0o372.21097293 R789ep6819-20r2020-06-25te. 2w2020-06-25yLFPDZNo se presta c6607d6607